000 00770nam a2200253 a 4500
001 BRCA_7687
005 20190320205939.0
008 160813s1961----sp-ae#####---#000-0#eng-#
041 _aeng
044 _asp
050 4 _aDP402.S4
_b.L69 1961
100 1 _aLozoya, Marqués de
_918981
245 1 0 _aSegovia
_cMarqués de Lozoya ; english translation by John Forrester-Greaves.
250 _a2
260 _aBarcelona
_bNoguer
_c1961
300 _a64 p.
_bil., mapas, planos
_c19 cm.
440 0 _aAndar y Ver, Guides to Spain
_918982
500 _aU26
520 3 _aPractical information supplement to the guide to Segovia
651 4 _aSegovia, España
_xDescripción
_918983
700 1 _aForrester-Greaves, John
_etr.
_918984
902 _aGFM
942 _2lcc
_cB
999 _c7361
_d7361